Giáo trình luật an sinh xã hội

Sách cung cấp những kiến thức cơ bản về hệ thống chính sách an sinh xã hội để phục vụ cho nhu cầu giảng dạy và học tập của sinh viên khối ngành luật.

Tallennettuna:
Bibliografiset tiedot
Päätekijä: Nguyễn Thị Kim Phụng (Chủ biên)
Muut tekijät: Phạm Công Trứ, Nguyễn Hữu Chí, Lưu Bình Nhưỡng
Aineistotyyppi: Kirja
Kieli:Vietnamese
Julkaistu: H. Công an nhân dân 2018
Painos:Tái bản lần thứ 7 có sửa đổi
Tagit: Lisää tagi
Ei tageja, Lisää ensimmäinen tagi!
Thư viện lưu trữ: Thư viện Trường Đại học Nam Cần Thơ
LEADER 01624nam a22002657a 4500
001 NCT_66670
008 190814b xxu||||| |||| 00| 0 vie d
999 |c 3222  |d 3222 
020 |a 9786047223947  |c 70000 
082 0 4 |2 23rd ed.  |a 344.59703  |b Ph513 
100 1 |a Nguyễn Thị Kim Phụng  |e Chủ biên 
245 1 0 |a Giáo trình luật an sinh xã hội  |c Nguyễn Thị Kim Phụng (chủ biên); Phạm Công Trứ, Nguyễn Hữu Chí 
250 |a Tái bản lần thứ 7 có sửa đổi 
260 |a H.  |b Công an nhân dân  |c 2018 
300 |a 403 tr.  |c 21cm 
500 |a ĐTTS ghi: Trường Đại học luật Hà Nội 
520 3 |a Sách cung cấp những kiến thức cơ bản về hệ thống chính sách an sinh xã hội để phục vụ cho nhu cầu giảng dạy và học tập của sinh viên khối ngành luật.  
700 1 |a Phạm Công Trứ 
700 1 |a Nguyễn Hữu Chí 
700 1 |a Lưu Bình Nhưỡng 
942 |2 ddc  |c BK 
952 |0 0  |1 0  |2 ddc  |4 0  |6 344_597030000000000_PH513  |7 0  |9 17398  |a 000001  |b 000001  |d 2019-08-14  |o 344.59703 Ph513  |p MD.15750  |r 2019-08-14  |v 70000.00  |w 2019-08-14  |y BK 
952 |0 0  |1 0  |2 ddc  |4 0  |6 344_597030000000000_PH513  |7 0  |9 17399  |a 000001  |b 000001  |d 2019-08-14  |l 3  |o 344.59703 Ph513  |p MD.15751  |r 2021-04-27  |s 2021-04-08  |v 70000.00  |w 2019-08-14  |y BK 
952 |0 0  |1 0  |2 ddc  |4 0  |6 344_597030000000000_PH513  |7 0  |9 18095  |a 000001  |b 000001  |d 2019-10-11  |l 4  |m 1  |o 344.59703 Ph513  |p MD.15752  |r 2021-04-24  |s 2021-04-09  |v 70000.00  |w 2019-10-11  |y BK 
980 |a Thư viện Trường Đại học Nam Cần Thơ